Monocultures of the mind : (Record no. 12776)

000 -LEADER
fixed length control field 00565cam a2200169 a 4500
020 ## - INTERNATIONAL STANDARD BOOK NUMBER
ISBN 1856492176 (hardback)
020 ## - INTERNATIONAL STANDARD BOOK NUMBER
ISBN 1856492184 (pbk.)
040 ## - CATALOGING SOURCE
Transcribing agency NJamC
082 00 - DEWEY DECIMAL CLASSIFICATION NUMBER
Classification number 333 ZED 1993 A020 Or.
100 1# - MAIN ENTRY--AUTHOR NAME
Personal name Shiva, Vandana.
245 10 - TITLE STATEMENT
Title Monocultures of the mind :
Remainder of title perspectives on biodiversity and biotechnology /
260 ## - PUBLICATION, DISTRIBUTION, ETC. (IMPRINT)
Place of publication London, UK ;
-- Atlantic Highlands, N.J., USA :
Name of publisher Zed Books ;
Place of publication Penang, Malaysia :
Name of publisher Third World Network,
Year of publication c1993.
300 ## - PHYSICAL DESCRIPTION
Number of Pages 184 p. :
Other physical details ill. ;
Dimensions 21 cm.
650 #0 - SUBJECT ADDED ENTRY--TOPICAL TERM
Topical Term Biodiversity conservation.
650 #0 - SUBJECT ADDED ENTRY--TOPICAL TERM
Topical Term Ecology.
942 ## - ADDED ENTRY ELEMENTS (KOHA)
Koha item type សៀវភៅភាសាអង់គ្លេស
952 ## - LOCATION AND ITEM INFORMATION (KOHA)
Withdrawn status [LOCAL, KOHA] 0
Holdings
Permanent Location Date acquired Koha item type Lost status Shelving location Barcode Current Location Full call number
Library Block A2017-08-16សៀវភៅភាសាអង់គ្លេស A020A16584Library Block A333 ZED 1993 A020 Or.
មជ្ឈមណ្ឌលឯការនៃសាកលវិទ្យាល័យភូមិន្ទកសិកម្មចំការដូង

Powered by Koha